000 00403nam a2200145Ia 4500
008 100122s9999 xx 000 0 und d
082 _b54779
_a823
100 _aबापट मुकुंद
245 _aमित्रा
260 _bसूर्याक्षर विविधा
_c1994
300 _a186
630 _aमित्रा
730 _aमित्रा
942 _cBOOK
999 _c431599
_d431596